World Capitals Ending with U - Statistics

General Stats
  • This quiz has been taken 1,020 times
  • The average score is 8 of 10
Answer Stats
Answer % Correct
Baku
83%
Kathmandu
82%
Thimphu
81%
Maseru
80%
Mogadishu
79%
Nassau
78%
Bissau
77%
Ouagadougou
75%
Roseau
72%
Chisinau
71%
No matching quizzes found
Score Distribution
Percent of People with Each Score
Percentile by Number Answered
Your Score History
You have not taken this quiz